[Event "Mecklenburg VP LL2 West 2122"]
[Site "Mecklenburg VP"]
[Date "2022.04.03"]
[Round "8.1"]
[White "Hornecker, Siegfried"]
[Black "Illgen, Alexander"]
[Result "1/2-1/2"]
[WhiteElo "2015"]
[BlackElo "2009"]
[PlyCount "106"]
[EventDate "2021.10.24"]
[EventType "team-tourn"]
[EventRounds "9"]
[EventCountry "GER"]
[SourceTitle "EXT 2024"]
[Source "ChessBase"]
[SourceDate "2023.10.10"]
[SourceVersion "1"]
[SourceVersionDate "2023.10.10"]
[SourceQuality "1"]
[WhiteTeam "Guestrow/Teterow II"]
[BlackTeam "Ludwigslust"]
[WhiteTeamCountry "GER"]
[BlackTeamCountry "GER"]

1. e4 d6 2. Bc4 Nf6 3. Nc3 a6 4. a4 g6 5. d4 Bg7 6. Bf4 0-0 7. Nf3 Nxe4 8. Nxe4 d5 9. Bxc7 Qxc7 10. Bxd5 Bg4 11. c3 e6 12. Ba2 Qc6 13. d5 Qb6 14. 0-0 Rd8 15. h3 Bf5 16. Ng3 Qxb2 17. Nxf5 exf5 18. Ng5 Bf6 19. Nxf7 Kxf7 20. d6+ Kg7 21. Qd5 Qxc3 22. Rac1 Qe5 23. Rc7+ Nd7 24. Qf7+ Kh6 25. Rxd7 Rxd7 26. Qxd7 Rd8 27. Qxb7 Rxd6 28. Bg8 Bg7 29. Bc4 Qd4 30. Bxa6 Qxa4 31. Bb5 Qd4 32. Be2 Rb6 33. Qe7 Bf6 34. Qf8+ Bg7 35. Qe7 Rb2 36. g4 Bf6 37. Qf8+ Bg7 38. Qe7 Qf6 39. Qxf6 Bxf6 40. Bd1 f4 41. Kg2 Bd4 42. h4 Kg7 43. Kf3 h6 44. Kxf4 Bxf2 45. g5 Bxh4 46. gxh6+ Kxh6 47. Rh1 g5+ 48. Kg4 Rb1 49. Bf3 Rb3 50. Rf1 Rb4+ 51. Kh3 Kg7 52. Bd5 Rd4 53. Be6 Kg6 1/2-1/2

[Event "Mecklenburg VP VL1819"]
[Site "Mecklenburg VP"]
[Date "2019.02.24"]
[Round "6.2"]
[White "Kliewe, Hans Juergen"]
[Black "Illgen, Alexander"]
[Result "1-0"]
[WhiteElo "2043"]
[BlackElo "1898"]
[PlyCount "45"]
[EventDate "2018.10.21"]
[EventType "team-tourn"]
[EventRounds "9"]
[EventCountry "GER"]
[SourceTitle "EXT 2022"]
[Source "ChessBase"]
[SourceDate "2021.10.06"]
[SourceVersion "1"]
[SourceVersionDate "2021.10.06"]
[SourceQuality "1"]
[WhiteTeam "Wismar ASV Gruen-Weiss"]
[BlackTeam "Ludwigslust VT 2000"]
[WhiteTeamCountry "GER"]
[BlackTeamCountry "GER"]

1. d4 Nf6 2. Nf3 e6 3. Bf4 c5 4. e3 b6 5. Nbd2 Bb7 6. Bd3 d5 7. c3 Nbd7 8. Ne5 Be7 9. 0-0 0-0 10. Qf3 Nxe5 11. dxe5 Nd7 12. Qg3 f5 13. exf6 Bxf6 14. Qh3 g6 15. Qxe6+ Rf7 16. Qg4 Bc8 17. Qe2 Ne5 18. Bxe5 Bxe5 19. f4 Bg7 20. e4 dxe4 21. Bc4 Bb7 22. Bxf7+ Kxf7 23. Nxe4 1-0

[Event "Mecklenburg VP LL 1617"]
[Site "Mecklenburg VP"]
[Date "2017.02.26"]
[Round "6.3"]
[White "Wolke, Heiko"]
[Black "Illgen, Alexander"]
[Result "1-0"]
[WhiteElo "1964"]
[BlackElo "1894"]
[PlyCount "121"]
[EventDate "2016.10.16"]
[EventType "team-tourn"]
[EventRounds "9"]
[EventCountry "GER"]
[SourceTitle "EXT 2022"]
[Source "ChessBase"]
[SourceDate "2021.10.06"]
[SourceVersion "1"]
[SourceVersionDate "2021.10.06"]
[SourceQuality "1"]
[WhiteTeam "Warnemuende SF Ostsee"]
[BlackTeam "Ludwigslust VT 2000"]
[WhiteTeamCountry "GER"]
[BlackTeamCountry "GER"]

1. e4 d6 2. Nf3 Nf6 3. Nc3 g6 4. Be2 c5 5. d4 cxd4 6. Nxd4 Bg7 7. 0-0 Nc6 8. Nxc6 bxc6 9. Bf4 Qa5 10. a3 Ba6 11. Re1 Bxe2 12. Qxe2 0-0 13. b4 Qc7 14. Qc4 Rfc8 15. e5 Nh5 16. exd6 exd6 17. Bg5 d5 18. Qc5 f6 19. Be3 Bf8 20. Qd4 f5 21. Bg5 Qf7 22. Rad1 h6 23. Bd2 Re8 24. Na4 Nf6 25. f3 Bg7 26. Qc5 Qd7 27. Qf2 Kf7 28. Nc5 Qc7 29. Be3 Nd7 30. Nxd7 Qxd7 31. Bd4 Rxe1+ 32. Rxe1 Bxd4 33. Qxd4 a5 34. Qd2 g5 35. h4 Kg6 36. bxa5 Qa7+ 37. Kh1 Kf7 38. Qb4 c5 39. Qb3 Qd7 40. Qb6 Re8 41. Rxe8 Qxe8 42. Qxh6 Qe1+ 43. Kh2 gxh4 44. Qg5 Qxa5 45. Qxf5+ Ke7 46. Qe5+ Kf8 47. Qxd5 Qxa3 48. Qd8+ Kf7 49. Qxh4 Qc3 50. Qh7+ Kf8 51. Qf5+ Kg8 52. g4 Qd2+ 53. Kg3 Qe1+ 54. Kf4 Qd2+ 55. Ke5 Qd4+ 56. Ke6 Qe3+ 57. Kd6 Qa3 58. Qxc5 Qa6+ 59. Kc7 Qf6 60. Qd5+ Kg7 61. Qd7+ 1-0

[Event "Mecklenburg VP LL 1617"]
[Site "Mecklenburg VP"]
[Date "2016.11.06"]
[Round "2.3"]
[White "Illgen, Alexander"]
[Black "Ehlers, Michael2222"]
[Result "1-0"]
[WhiteElo "1894"]
[BlackElo "1881"]
[PlyCount "135"]
[EventDate "2016.10.16"]
[EventType "team-tourn"]
[EventRounds "9"]
[EventCountry "GER"]
[SourceTitle "EXT 2022"]
[Source "ChessBase"]
[SourceDate "2021.10.06"]
[SourceVersion "1"]
[SourceVersionDate "2021.10.06"]
[SourceQuality "1"]
[WhiteTeam "Ludwigslust VT 2000"]
[BlackTeam "Torgelow Droegeheide"]
[WhiteTeamCountry "GER"]
[BlackTeamCountry "GER"]

1. d4 Nf6 2. c4 g6 3. Nc3 d5 4. Nf3 Bg7 5. e3 0-0 6. Bd2 e6 7. Qc2 Nbd7 8. cxd5 exd5 9. Be2 Nb6 10. 0-0 Bf5 11. Bd3 Bxd3 12. Qxd3 Nc4 13. b3 Nxd2 14. Nxd2 c6 15. b4 Qd6 16. Rfb1 Ng4 17. Nf3 f5 18. g3 Rae8 19. a3 h6 20. Kg2 g5 21. h3 Nf6 22. Ne5 f4 23. exf4 gxf4 24. Ng6 Rf7 25. Nxf4 Ne4 26. Re1 Rfe7 27. Rad1 a5 28. Nxe4 Rxe4 29. Rxe4 Rxe4 30. Qc3 axb4 31. axb4 Qe7 32. Kf1 Kf7 33. Rd3 Qg5 34. h4 Qe7 35. f3 Rxf4 36. gxf4 Qxh4 37. Qd2 Qh1+ 38. Ke2 Bf6 39. Qe3 Be7 40. Qe5 Bxb4 41. Qf5+ Kg7 42. Rd1 Qg2+ 43. Ke3 h5 44. Qxh5 Bd2+ 45. Rxd2 Qg1+ 46. Kd3 Qf1+ 47. Kc2 Qc4+ 48. Kb2 Qb4+ 49. Kc1 Qc4+ 50. Rc2 Qf1+ 51. Kd2 Qf2+ 52. Kd3 Qf1+ 53. Re2 Qd1+ 54. Rd2 Qf1+ 55. Kc2 Qc4+ 56. Kb2 Qb4+ 57. Kc1 Qc4+ 58. Rc2 Qf1+ 59. Kb2 Qb5+ 60. Kc3 Qc4+ 61. Kd2 Qxd4+ 62. Ke2 Qxf4 63. Qg4+ Qxg4 64. fxg4 Kf6 65. Rb2 Kg5 66. Kf3 c5 67. Rxb7 c4 68. Rb5 1-0

[Event "Mecklenburg VP LL2 West 1415"]
[Site "Mecklenburg VP"]
[Date "2014.11.23"]
[Round "3.3"]
[White "Post, Ingo"]
[Black "Illgen, Alexander"]
[Result "1/2-1/2"]
[WhiteElo "1545"]
[BlackElo "1898"]
[PlyCount "59"]
[EventDate "2014.09.21"]
[EventType "team-tourn"]
[EventRounds "9"]
[EventCountry "GER"]
[SourceTitle "EXT 2022"]
[Source "ChessBase"]
[SourceDate "2021.10.06"]
[SourceVersion "1"]
[SourceVersionDate "2021.10.06"]
[SourceQuality "1"]
[WhiteTeam "Neukloster VfL Blau Weiss"]
[BlackTeam "Ludwigslust VT 2000"]
[WhiteTeamCountry "GER"]
[BlackTeamCountry "GER"]

1. d4 Nf6 2. c4 g6 3. Nc3 Bg7 4. Bf4 d6 5. e3 0-0 6. Bd3 Nbd7 7. Nf3 Re8 8. Bg3 c6 9. Qc2 Qa5 10. 0-0 Nh5 11. Be2 Nxg3 12. hxg3 Nf6 13. a3 Bg4 14. b4 Qh5 15. Nh2 Bxe2 16. Qxe2 Qxe2 17. Nxe2 Ne4 18. Rad1 a5 19. b5 cxb5 20. cxb5 Rec8 21. Rc1 Nd2 22. Rfd1 Nc4 23. Rc3 d5 24. Rdc1 e6 25. Nf3 Bf8 26. a4 Bb4 27. R3c2 Nb6 28. Rc7 Rxc7 29. Rxc7 Nxa4 30. Rxb7 1/2-1/2

[Event "Mecklenburg VP LL2 West 1213"]
[Site "Mecklenburg VP"]
[Date "2013.03.17"]
[Round "7.2"]
[White "Jung, Werner"]
[Black "Illgen, Alexander"]
[Result "1/2-1/2"]
[WhiteElo "1799"]
[BlackElo "1940"]
[PlyCount "25"]
[EventDate "2012.10.14"]
[EventType "team-tourn"]
[EventRounds "9"]
[EventCountry "GER"]
[SourceTitle "EXT 2022"]
[Source "ChessBase"]
[SourceDate "2021.10.06"]
[SourceVersion "1"]
[SourceVersionDate "2021.10.06"]
[SourceQuality "1"]
[WhiteTeam "Schwerin SF IV"]
[BlackTeam "Ludwigslust Post SV"]
[WhiteTeamCountry "GER"]
[BlackTeamCountry "GER"]

1. e4 c5 2. Nf3 Nc6 3. d4 cxd4 4. Nxd4 Nf6 5. Nc3 g6 6. Nxc6 bxc6 7. e5 Ng8 8. Bc4 Qc7 9. f4 d5 10. Nxd5 cxd5 11. Qxd5 Rb8 12. Qxf7+ Kd7 13. Qd5+ 1/2-1/2

[Event "Mecklenburg VP LL2 West 1213"]
[Site "Mecklenburg VP"]
[Date "2013.01.27"]
[Round "4.2"]
[White "Illgen, Alexander"]
[Black "Schulz, Bernd"]
[Result "0-1"]
[WhiteElo "1940"]
[BlackElo "1836"]
[PlyCount "106"]
[EventDate "2012.10.14"]
[EventType "team-tourn"]
[EventRounds "9"]
[EventCountry "GER"]
[SourceTitle "EXT 2022"]
[Source "ChessBase"]
[SourceDate "2021.10.06"]
[SourceVersion "1"]
[SourceVersionDate "2021.10.06"]
[SourceQuality "1"]
[WhiteTeam "Ludwigslust Post SV"]
[BlackTeam "Wismar ASV Gruen-Weiss II"]
[WhiteTeamCountry "GER"]
[BlackTeamCountry "GER"]

1. d4 d5 2. c4 e6 3. Nc3 Nf6 4. Nf3 Nbd7 5. cxd5 exd5 6. e3 Bd6 7. Bd2 0-0 8. Qc2 Re8 9. Bd3 Nf8 10. Nb5 c6 11. Nxd6 Qxd6 12. b4 Ne4 13. h3 Ng6 14. 0-0 Qf6 15. Be2 Bf5 16. Qb2 Nh4 17. Kh2 Nxf3+ 18. Bxf3 Ng5 19. Bg4 Bd3 20. f4 Bxf1 21. fxg5 Qf2 22. Bf3 Bc4 23. Qc3 Qh4 24. Qb2 Qxg5 25. e4 Qe7 26. e5 b6 27. Bf4 c5 28. a3 Rac8 29. Rd1 cxb4 30. axb4 a5 31. bxa5 bxa5 32. Bd2 Ra8 33. Ra1 Reb8 34. Qc2 Rc8 35. Bc1 Bb5 36. Qd2 Qd8 37. Ba3 Bc4 38. Bc5 Rcb8 39. Bd1 Rb5 40. Ba4 Rbb8 41. Ra3 Rb1 42. Bc2 Rf1 43. Bd3 Bxd3 44. Qxd3 Rf4 45. Qd2 Re4 46. Qa2 h6 47. Qb3 Rb8 48. Qc3 Rb5 49. Ra2 Rb1 50. Qxa5 Qg5 51. Qd2 Qf5 52. Qf2 Qg6 53. Qg3 Rh1+ 0-1

[Event "Mecklenburg VP LL2 West 1112"]
[Site "Mecklenburg VP"]
[Date "2011.12.11"]
[Round "4.1"]
[White "Illgen, Alexander"]
[Black "Martens, Rolf Dieter"]
[Result "0-1"]
[WhiteElo "1973"]
[BlackElo "1862"]
[PlyCount "124"]
[EventDate "2011.10.02"]
[EventType "team-tourn"]
[EventRounds "9"]
[EventCountry "GER"]
[SourceTitle "EXT 2022"]
[Source "ChessBase"]
[SourceDate "2021.10.06"]
[SourceVersion "1"]
[SourceVersionDate "2021.10.06"]
[SourceQuality "1"]
[WhiteTeam "Ludwigslust Post SV"]
[BlackTeam "Schwerin SV Einheit"]
[WhiteTeamCountry "GER"]
[BlackTeamCountry "GER"]

1. d4 d5 2. c4 e6 3. Nc3 Be7 4. Nf3 Nf6 5. Bg5 Nbd7 6. e3 b6 7. Qc2 Bb7 8. cxd5 exd5 9. Bd3 c5 10. 0-0 0-0 11. Rfe1 Rc8 12. a3 h6 13. Bh4 Re8 14. Bf5 Ne4 15. Bxe7 Rxe7 16. Ne5 Nef6 17. Qb3 c4 18. Qc2 a6 19. Rad1 Rc7 20. Nxd7 Nxd7 21. f3 Nf8 22. e4 g6 23. Bh3 b5 24. e5 Bc8 25. Bxc8 Rxc8 26. f4 Qd7 27. Rf1 a5 28. Rf3 b4 29. Ne2 Rc6 30. Rdf1 Qb7 31. Kh1 f5 32. exf6 Rxf6 33. f5 g5 34. Qd2 Re4 35. Re3 Qe7 36. Rxe4 dxe4 37. Ng3 e3 38. Qc1 Rc6 39. Re1 c3 40. Ne2 Qe4 41. axb4 axb4 42. bxc3 bxc3 43. h3 Qd3 44. Kg1 c2 45. Qb2 Qxe2 46. Rxe2 c1Q+ 47. Qxc1 Rxc1+ 48. Kh2 Rc3 49. Kg3 Rd3 50. Kf3 Rxd4 51. Kxe3 Rd6 52. Kf3 Nd7 53. Re7 Nf6 54. g4 Rd3+ 55. Kg2 Kf8 56. Ra7 Rd7 57. Ra3 Ke7 58. h4 Nxg4 59. hxg5 hxg5 60. Rg3 Rd2+ 61. Kf3 Ne5+ 62. Ke4 Kf6 0-1

[Event "Mecklenburg VP LL2 West 1011"]
[Site "Mecklenburg VP"]
[Date "2010.10.24"]
[Round "2.1"]
[White "Kornblum, Harry"]
[Black "Illgen, Alexander"]
[Result "0-1"]
[WhiteElo "1868"]
[BlackElo "1953"]
[PlyCount "72"]
[EventDate "2010.10.10"]
[EventType "team-tourn"]
[EventRounds "9"]
[EventCountry "GER"]
[SourceTitle "EXT 2022"]
[Source "ChessBase"]
[SourceDate "2021.10.06"]
[SourceVersion "1"]
[SourceVersionDate "2021.10.06"]
[SourceQuality "1"]
[WhiteTeam "Kuehlungsborn SV Empor"]
[BlackTeam "Ludwigslust Post SV"]
[WhiteTeamCountry "GER"]
[BlackTeamCountry "GER"]

1. d4 Nf6 2. c4 g6 3. Nc3 Bg7 4. e4 d6 5. f3 0-0 6. Bg5 c6 7. Qd2 Re8 8. 0-0-0 a6 9. h4 Nbd7 10. g4 Qa5 11. a3 b5 12. Nge2 Nb6 13. Ng3 bxc4 14. h5 Be6 15. hxg6 fxg6 16. Bh6 Bh8 17. Be3 Nfd7 18. Qh2 Nf8 19. Be2 Rab8 20. Bh6 Nbd7 21. Be3 c5 22. Bf1 Rb3 23. Qc2 Reb8 24. Nge2 Bf7 25. Rh2 Ne6 26. d5 Nef8 27. f4 Nf6 28. Bh3 Nxe4 29. Qxe4 Rxb2 30. Qxc4 Qxa3 31. Qa4 Rb1+ 32. Kd2 Qb2+ 33. Kd3 Bxc3 34. Rxb1 Qxb1+ 35. Kxc3 Qb2+ 36. Kd3 Rb3+ 0-1

[Event "Mecklenburg VP LL 0910"]
[Site "Mecklenburg VP"]
[Date "2009.10.18"]
[Round "1.1"]
[White "Schumacher, Dirk"]
[Black "Illgen, Alexander"]
[Result "1/2-1/2"]
[WhiteElo "2074"]
[BlackElo "1962"]
[PlyCount "111"]
[EventDate "2009.10.18"]
[EventType "team-tourn"]
[EventRounds "9"]
[EventCountry "GER"]
[SourceTitle "EXT 2016"]
[Source "ChessBase"]
[SourceDate "2015.10.08"]
[SourceVersion "1"]
[SourceVersionDate "2015.10.08"]
[SourceQuality "1"]
[WhiteTeam "Warnemuende SF Ostsee"]
[BlackTeam "Ludwigslust Post SV"]
[WhiteTeamCountry "GER"]
[BlackTeamCountry "GER"]

1. b4 c6 2. c4 Qb6 3. a3 Qd4 4. Nc3 Qxc4 5. Nf3 Qe6 6. e3 d5 7. Bb2 Nf6 8. Na4 b6 9. Qc2 Bd7 10. Bd3 g6 11. 0-0 Bg7 12. e4 0-0 13. Rae1 dxe4 14. Bxe4 Nxe4 15. Rxe4 Qd6 16. Bxg7 Kxg7 17. Qc3+ Kg8 18. Rfe1 Re8 19. Qe3 Qf6 20. Rf4 Qg7 21. Ng5 Rf8 22. Qxe7 h6 23. Ne4 f5 24. Nd6 Rf6 25. Qxg7+ Kxg7 26. Ne8+ Bxe8 27. Rxe8 Rf8 28. Rxf8 Kxf8 29. g4 Nd7 30. gxf5 g5 31. Rd4 Ke7 32. Re4+ Kf6 33. Re6+ Kxf5 34. Rxh6 Ne5 35. Rd6 Nc4 36. Rxc6 Nxd2 37. Nc3 Rh8 38. Kg2 g4 39. Nd5 Rh7 40. Rc7 Rxc7 41. Nxc7 Nc4 42. a4 a5 43. bxa5 bxa5 44. Nd5 Nb2 45. Kg3 Nxa4 46. Ne3+ Kg5 47. Nxg4 Nc3 48. f4+ Kh5 49. Ne5 Ne4+ 50. Kf3 Nd6 51. Ke3 Kh4 52. Kd4 Kh3 53. Kd5 Nf5 54. Nc4 a4 55. Ke6 Nh4 56. f5 1/2-1/2

[Event "Mecklenburg VP LL 0809"]
[Site "Mecklenburg VP"]
[Date "2008.10.05"]
[Round "1.2"]
[White "Van Bentum, Horst"]
[Black "Illgen, Alexander"]
[Result "1/2-1/2"]
[WhiteElo "2013"]
[BlackElo "1955"]
[PlyCount "35"]
[EventDate "2008.10.05"]
[EventType "team-tourn"]
[EventRounds "9"]
[EventCountry "GER"]
[SourceTitle "EXT 2022"]
[Source "ChessBase"]
[SourceDate "2021.10.06"]
[SourceVersion "1"]
[SourceVersionDate "2021.10.06"]
[SourceQuality "1"]
[WhiteTeam "Rostock HSG Uni"]
[BlackTeam "Ludwigslust Post SV"]
[WhiteTeamCountry "GER"]
[BlackTeamCountry "GER"]

1. e4 c5 2. Nf3 d6 3. Bb5+ Bd7 4. Bxd7+ Qxd7 5. 0-0 g6 6. c3 Nc6 7. d4 Nf6 8. d5 Ne5 9. Nxe5 dxe5 10. Qe2 Bg7 11. Bg5 0-0 12. Nd2 Ne8 13. Be3 b6 14. f4 exf4 15. Bxf4 e6 16. dxe6 Qxe6 17. Qc4 Qe7 18. Nf3 1/2-1/2